Statistics for Fleetwood Mac Studio Albums (1968-2003)

Click here to take the quiz!

General Stats

  • This quiz has been taken 487 times
  • The average score is 8 of 17

Answer Stats

HintAnswer% Correct
1977Rumours
96%
1975Fleetwood Mac
89%
1979Tusk
87%
1987Tango in The Night
77%
1982Mirage
62%
2003Say You Will
47%
1973Penguin
42%
1972Bare Trees
37%
1995Time
37%
1990Behind the Mask
35%
1968Peter Green's Fleetwood Mac
33%
1970Kiln House
32%
1969Then Play On
29%
1974Heroes are Hard to Find
28%
1973Mystery to Me
28%
1968Mr. Wonderful
26%
1971Future Games
22%

Score Distribution

Percentile by Number Answered

Percent of People with Each Score

Your Score History

You have not taken this quiz